000 00333 a2200157 4500
001 194261
020 _a978-85-8193-398-6
040 _cMagnum
100 _aCarvalho, Laiz B. de
240 1 0 _aO gato de Botas
_lpor
245 1 0 _aO gato de Botas
300 _a25
362 0 _a2017
697 _aLITERATURA INFANTO
942 _cBK
999 _c194261
_d194261